01193nam a2200205Ia 4500008004100000041001200041082001100053100001500064245007100079260000600150650000600156942000700162999001700169952014100186952013200327952013200459952013200591952013200723952013200855221030s9999 xx 000 0 und d aEnglish a105.23 aN. K. Jain 2aA Text Book Of Practicals In Electrical Engineeringcby N. K. Jain c0 aB cBK c12415d12415 pB 4178l0o105.23 r2022-10-30 00:00:00w2022-10-30yBK003Print4070aMIETLIBbMIETLIBcBL-, FL-, CUP-0, SH-0, R-0d2012-06-1810HBE pB 5687l0r2022-10-30 00:00:00w2022-10-30yBK003Print4070aMIETLIBbMIETLIBcBL-, FL-, CUP-0, SH-0, R-0d2012-12-0410HBE pB 5688l0r2022-10-30 00:00:00w2022-10-30yBK003Print4070aMIETLIBbMIETLIBcBL-, FL-, CUP-0, SH-0, R-0d2012-12-0410HBE pB 5689l0r2022-10-30 00:00:00w2022-10-30yBK003Print4070aMIETLIBbMIETLIBcBL-, FL-, CUP-0, SH-0, R-0d2012-12-0410HBE pB 5690l0r2022-10-30 00:00:00w2022-10-30yBK003Print4070aMIETLIBbMIETLIBcBL-, FL-, CUP-0, SH-0, R-0d2012-12-0410HBE pB 5691l0r2022-10-30 00:00:00w2022-10-30yBK003Print4070aMIETLIBbMIETLIBcBL-, FL-, CUP-0, SH-0, R-0d2012-12-0410HBE